Los biocombustibles en el marco del problema energético (Registro nro. 38568)
[ vista simple ]
| 000 -CABECERA | |
|---|---|
| Longitud fija campo de control | 00798naa a2200241 c 4500 |
| 001 - NÚMERO DE CONTROL | |
| Número de control | 38568 |
| 003 - IDENTIFICADOR DE NÚMERO DE CONTROL | |
| Identificador del número de control | ES-MaCES |
| 005 - FECHA Y HORA DE LA ÚLTIMA TRANSACCIÓN | |
| Fecha y hora de la última transacción | 20090303135700.0 |
| 008 - CAMPO FIJO DE DESCRIPCIÓN FIJA--INFORMACIÓN GENERAL | |
| Códigos de información de longitud fija | 090202n2008 sp a ||0 | spa d |
| 035 ## - NÚMERO DE CONTROL DEL SISTEMA | |
| Número de control del sistema | CES20090000055v |
| 040 ## - FUENTE DE CATALOGACIÓN | |
| Centro catalogador de origen | ES-MaCES |
| Lengua de catalogación | spa |
| Centro transcriptor | ES-MaCES |
| 100 1# - ENCABEZAMIENTO PRINCIPAL--NOMBRE PERSONAL | |
| Nombre de persona | Amarillo Doblado, Francisco |
| 9 (RLIN) | 6198 |
| 245 14 - MENCIÓN DE TÍTULO | |
| Título | Los biocombustibles en el marco del problema energético |
| 500 ## - NOTA GENERAL | |
| Nota general | Resúmen |
| 650 #4 - ASIENTO SECUNDARIO DE MATERIA--TÉRMINO DE MATERIA | |
| Término de materia o nombre geográfico como elemento inicial | recursos naturales |
| 9 (RLIN) | 28718 |
| 650 #4 - ASIENTO SECUNDARIO DE MATERIA--TÉRMINO DE MATERIA | |
| Término de materia o nombre geográfico como elemento inicial | energía renovable |
| 9 (RLIN) | 30979 |
| 650 #4 - ASIENTO SECUNDARIO DE MATERIA--TÉRMINO DE MATERIA | |
| Término de materia o nombre geográfico como elemento inicial | abastecimiento de energía |
| 9 (RLIN) | 27755 |
| 653 10 - TÉRMINO DE INDEXACIÓN--NO CONTROLADO | |
| Término no controlado | Industria-Energía |
| 773 0# - ENTRADA DE DOCUMENTO FUENTE | |
| Título | Agricultura |
| Parte(s) relacionada(s) | año 77, n. 913 (dic. 2008){10115 R. 073032}; 916-917 |
| Número de control del registro relacionado | (ES-MaCES)25133 |
| Itemnumber del ítem fuente | 36428 |
| 902 ## - CES. TIPO DE DOCUMENTO | |
| Tipodoc (006$c Sirtex) | ART Artículo de revista |
| 942 ## - ELEMENTOS KOHA | |
| Fuente de clasificaión o esquema | Clasificación propia del CES |
| Koha [por defecto] tipo de item | Artículos (1982-2017) |
| Parte de clasificación | 5.2. |
No hay ítems disponibles.
